000 00895nam a22002057a 4500
003 JO-AjAnu
005 20260106084038.0
008 260106b jo ||||| |||| 00| 0 ara d
020 _a9789923946503
040 _aJO-AjAnu
_bara
_cJO-AjAnu
_erda
041 _aara
_hara
050 _aDS154.6
_b.D48 2024
110 1 _aالديوان الملكي الهاشمي
_eمشرف
_966928
245 0 0 _a على العهد : كتاب مصور بعدسة المصور الخاص يوسف العلان /
_c اشراف الديوان الملكي الهاشمي
250 _aالطبعة الاولى
260 _aعمان :
_bالديوان الملكي الهاشمي،
_c2024
300 _a255 صفحة
650 0 0 _aعهد الملك عبدالله الثاني1999-الانجازات-الصور الفوتوغرافية-التاريخ السياسي-الاردن
_966929
942 _2lcc
_cREF
_n0
999 _c34159
_d34159